000
00227nam a22001097a 4500
082
_a
823/FLE
100
_a
Flemng,Ian
_9
83683
245
_a
Casino Royale
260
_a
India
_b
Fingerprint
_c
2025
650
_a
Fiction
942
_c
BK
999
_c
68631
_d
68631